Διοίκηση οργανωσιακών αλλαγών σε διοικητικό ακαδημαϊκό περιβάλλον : διπλωματική εργασία [μεταπτυχιακή εργασία]

Αποθηκεύτηκε σε:
Λεπτομέρειες βιβλιογραφικής εγγραφής
Κύριος συγγραφέας: Παπαγρηγορίου, Ελένη
Συγγραφή απο Οργανισμό/Αρχή: Πανεπιστήμιο Αιγαίου Σχολή Ανθρωπιστικών Επιστημών Τμήμα Επιστημών της Προσχολικής Αγωγής και του Εκπαιδευτικού Σχεδιασμού Πρόγραμμα Μεταπτυχιακών Σπουδών Μοντέλα Σχεδιασμού και Ανάπτυξης Εκπαιδευτικών Μονάδων
Άλλοι συγγραφείς: Ξανθάκου, Γιώτα Π. (Εισηγητής διατριβής)
Μορφή: Thesis Βιβλίο
Γλώσσα:Greek
Δημοσίευση: 2009
Θέματα:
Διαθέσιμο Online:http://hdl.handle.net/11610/14146
Ετικέτες: Προσθήκη ετικέτας
Δεν υπάρχουν, Καταχωρήστε ετικέτα πρώτοι!

MARC

LEADER 00000cam a2200000 i 4500
001 1/58188
008 141016s2009 gre d
035 |l 10119481 
040 |a GR-MY-UA  |b gre  |e aacr 
041 0 |a gre 
082 0 |a 351.495  |2 (22) 
100 1 |a Παπαγρηγορίου, Ελένη. 
245 1 0 |a Διοίκηση οργανωσιακών αλλαγών σε διοικητικό ακαδημαϊκό περιβάλλον :  |b διπλωματική εργασία [μεταπτυχιακή εργασία] /  |c Ελένη Παπαγρηγορίου ; επιβλέπουσα: Ξανθάκου Ποτίτσα 
260 |c 2009 
300 |a 145 σ.;  |b σχεδιαγ.;  |c 30 εκ. 
500 |a Μέλη εξεταστικής επιτροπής: Μαρία Καϊλα, Νικόλαος Ανδρεαδάκης 
502 # # |a Διατριβή (μεταπτυχιακή) – Πανεπιστήμιο Αιγαίου, Ρόδος, 2009. 
504 |a Βιβλιογραφία: σ. 128-129 
650 0 0 |a Public administration  |z Greece. 
650 0 0 |a Education, Higher  |x Administration. 
650 0 0 |a Job analysis. 
650 0 0 |a Personnel management. 
650 0 0 |a Dissertations, Academic  |z Greece. 
700 1 |4 ths  |a Ξανθάκου, Γιώτα Π. 
710 2 |a Πανεπιστήμιο Αιγαίου   |b Σχολή Ανθρωπιστικών Επιστημών   |b Τμήμα Επιστημών της Προσχολικής Αγωγής και του Εκπαιδευτικού Σχεδιασμού   |b Πρόγραμμα Μεταπτυχιακών Σπουδών Μοντέλα Σχεδιασμού και Ανάπτυξης Εκπαιδευτικών Μονάδων . 
852 |a INST  |b RHODES  |c DIATR  |e 20141016  |h 351.495 ΠΑΠ  |p 005400037086  |q 005400037086  |t MTXE  |y 23 
852 |a INST  |b RHODES  |c DIATR  |e 20141016  |h 351.495 ΠΑΠ  |p 005400037087  |q 005400037087  |t MTXE  |y 23 
856 |u http://hdl.handle.net/11610/14146 
901 |a BIBL4-2014-3 
909 |a Ρ  |b 183411 
909 |a Ρ  |b 183412 
924 |a ΠΑΠΑΓΡΗΓΟΡΙΟΥ  |b ΕΛΕΝΗ  |y ΡΟΔΟΣ  |z 2009-09 
970 |z 2014/10/16